Kepanasan seketul salji hitam : antologi pemenang peraduan menulis puisi dan cerpen pelbagai kaum ke-III

Bibliographic Details
Format: Book
Published: Kuala Lumpur : Dewan Bahasa dan Pustaka , 2006
Subjects:

MARC

LEADER 00000cam a2200000 7i4500
001 0000021389
005 20080717.0
008 080717
020 |a 9836292217 
090 0 0 |a 899.2308   |b KEP 
245 1 0 |a Kepanasan seketul salji hitam :   |b antologi pemenang peraduan menulis puisi dan cerpen pelbagai kaum ke-III 
260 |a Kuala Lumpur :   |b Dewan Bahasa dan Pustaka ,   |c 2006 
650 0 |a Malay poetry 
650 0 |a Short stories, Malay 
999 |a 0001029321   |b Book   |c Adult Collection   |e Perbadanan Perpustakaan Awam Johor 
999 |a 0001206776   |b Book   |c Adult Collection   |e Perbadanan Perpustakaan Awam Johor